Estadísticas para Países de tamaños parecidos #4 - Ucrania

Haz click aquí para intentar la prueba.

Estadísticas generales

  • Esta prueba ha sido intentada 73 veces
  • La puntuación promedio es 5 de 10

Respuestas en el mapa

Las respuestas están codificadas por una escala verde-roja en el mapa de la prueba según el % correcto abajo.
 

Estadísticas de respuestas

Área de superficie (km^2)País% Correcto
640,427Francia
91%
498,980España
81%
510,890Tailandia
60%
644,329Sudán del Sur
54%
569,140Kenia
51%
622,984República Centroafricana
51%
627,337Somalia
51%
581,540Madagascar
37%
566,730Botsuana
35%
555,000Yemen
32%

Distribución de puntuación

Porcentaje por número respondido

Porcentaje de gente con cada puntuación

Historial de tus puntuaciones

No has intentado esta prueba.